Neck and back pain /

Saved in:
Bibliographic Details
Other Authors: Saal, Jeffrey A.
Format: Book
Language:English
Published: Philadelphia, Pa. : Hanley & Belfus, 1990.
Series:State of the art reviews. Physical medicine and rehabilitation, v. 4, no. 3
Subjects:
LEADER 01186cam a2200313 a 4500
001 c000398195
003 CARM
005 20141014104520.0
008 141014s1990 paua b 001 0 eng d
019 1 |a 9916926  |5 LACONCORD2021 
020 |a 1560530294 (hbk.) 
035 |a (OCoLC)22397589  |5 LACONCORD2021 
040 |a WCX  |b eng  |c WCX  |d WCX 
082 0 4 |a 617.564  |2 21 
245 0 0 |a Neck and back pain /  |c Jeffrey A. Saal, guest editor. 
260 |a Philadelphia, Pa. :  |b Hanley & Belfus,  |c 1990. 
300 |a ix, 175-387 p. :  |b ill. ;  |c 24 cm. 
490 0 |a State of the art reviews. Physical medicine and rehabilitation,  |x 0888-7357 ;  |v v. 4, no. 3 
504 |a Includes bibliographical references and index. 
650 0 |a Neck pain. 
650 0 |a Neck pain  |x Treatment. 
650 0 |a Backache. 
650 0 |a Backache  |x Treatment. 
700 1 |a Saal, Jeffrey A. 
852 8 |b CARM  |p 0606998  |f BK 
852 8 |b SCAN  |h A3:AH05E0  |i C13087  |p 0606998  |f BK 
999 f f |i a5c5bb06-d0b0-5098-b7ad-d00a7874407d  |s 365c1c20-4d99-53c9-8848-41392f696525 
952 f f |p Can circulate  |a CAVAL  |b CAVAL  |c CAVAL  |d CARM 1 Store  |i book  |m 0606998 
952 f f |a CAVAL  |b CAVAL  |c CAVAL  |d Unmapped Location  |e C13087  |f A3:AH05E0  |h Other scheme